000 00683nam a2200241 a 4500
001 686
003 BR-CuiBMT
005 20231113203431.0
008 231113s2004 spba 000 0 por d
020 _a8586456918
040 _aBR-CuiBMT
_cBR-CuiBMT
080 _22007
_a347.2
090 _a347.2
_bL892d
100 1 _aLoureiro, Luiz Guilherme
245 1 0 _aDireitos reais :
_bà luz do código civil e do direito registral
_cLuiz Guilherme Loureiro.
260 _aSão Paulo :
_bMétodo,
_c2004.
300 _a416 p. :
_bil. color. ;
_c23 cm
504 _aInclui bibliografia.
650 _aDireitos reais
650 _aPropriedade
650 _aPosse
_vdireito
942 _2udc
_cLV
999 _c686
_d686